00675nam a2200157Ia 4500008004100000024004400041082001900085100006000104245003500164260002500199600002100224650003800245856010700283952011000390999001700500250506s9999 xx 000 0 und d a15B-002-CS, 15B-035-CS & 15B-036-CS a005.609072 TAH aTaha Tauqeer, Taimur Rafiq & Muhammad Tufail Ahmed Khan 0aWeb Portal for HIDAYAH Academy aKarachi:bUIT,c2015 aComputer Science aBachelor of Computer Science (BS) uhttps://drive.google.com/file/d/1qvWdeblt-3LQeyhLEkJfwMVLTnvrbvNS/view?usp=sharingyClick here for PDF 001040708PR-CSaUITUbUITUd2022-07-26l0o005.609072 TAHpBS-599r2025-05-06 11:34:39w2025-05-06yPR c28867d28867